Defying stereotypes, populism, and neoliberal discourse: Municipal agility and innovation during COVID (Record no. 528532)

000 -LEADER
fixed length control field 01618nam a22001457a 4500
008 - FIXED-LENGTH DATA ELEMENTS--GENERAL INFORMATION
fixed length control field 241211b ||||| |||| 00| 0 eng d
100 ## - MAIN ENTRY--PERSONAL NAME
Personal name Merdan Seker, Shearmur, Richard and Beaudet, Gérard
245 ## - TITLE STATEMENT
Title Defying stereotypes, populism, and neoliberal discourse: Municipal agility and innovation during COVID
260 ## - PUBLICATION, DISTRIBUTION, ETC. (IMPRINT)
Place of publication, distribution, etc Urban Affairs Review
300 ## - PHYSICAL DESCRIPTION
Extent 60(5), Sep, 2024: p.1323-1348
520 ## - SUMMARY, ETC.
Summary, etc Local governments are often viewed as basic service and infrastructure providers that are neither particularly proactive nor innovative: in certain influential circles, this view has taken on the trappings of “common-sense,” and underpins the protracted undermining of public-sector organizations, a hallmark of neoliberalism. However, the COVID crisis required municipalities to act with agility and speed, belying this “common sense.” We examine 54 examples of how municipalities in Québec adapted to the pandemic. The range of adaptation and innovation that we report illustrates that local government can be flexible, agile, and innovative when necessary. Our analysis suggests that innovation is not always desired by the innovator, that the impact of a project should be distinguished from its innovativeness, and that any assessment of municipal innovativeness and its impact requires careful consideration of who it is evaluated for, who it is evaluated by, and in what context.- Reproduced

https://journals.sagepub.com/doi/full/10.1177/10780874231221469
650 ## - SUBJECT ADDED ENTRY--TOPICAL TERM
Topical term or geographic name as entry element Local governance, Public sector, Innovation, Covid.
9 (RLIN) 49442
773 ## - HOST ITEM ENTRY
Main entry heading Urban Affairs Review
942 ## - ADDED ENTRY ELEMENTS (KOHA)
Item type Articles
Holdings
Withdrawn status Lost status Source of classification or shelving scheme Damaged status Not for loan Permanent location Current location Date acquired Serial Enumeration / chronology Barcode Date last seen Koha item type
          Indian Institute of Public Administration Indian Institute of Public Administration 2024-12-11 60(5), Sep, 2024: p.1323-1348 AR133925 2024-12-11 Articles

Powered by Koha